[Event "Berlin-ch Seniors op 33rd"]
[Site "Berlin"]
[Date "2017.02.09"]
[Round "9"]
[White "Lukas, Wilmar"]
[Black "Schneider, Eckehard"]
[Result "1/2-1/2"]
[WhiteElo "1921"]
[BlackElo "1811"]
[PlyCount "114"]
[EventDate "2017.01.31"]
[EventType "swiss"]
[EventRounds "9"]
[EventCountry "GER"]
[SourceTitle "EXT 2019"]
[Source "ChessBase"]
[SourceDate "2018.10.10"]
[SourceVersion "1"]
[SourceVersionDate "2018.10.10"]
[SourceQuality "1"]

1. e4 e6 2. d4 d5 3. exd5 exd5 4. Nf3 Bd6 5. Bb5+ c6 6. Be2 Nf6 7. 0-0 h6 8. h3 0-0 9. Be3 Bf5 10. Bc1 Re8 11. Nc3 Nbd7 12. Ne1 Qc7 13. Nd3 Ne4 14. Bf3 Nxc3 15. bxc3 Nb6 16. Bf4 Nc4 17. Bxd6 Qxd6 18. Rb1 b6 19. Rb3 Re7 20. Nb2 Na5 21. Rb4 Qg6 22. Nd3 Bxd3 23. cxd3 Qxd3 24. Qb1 Qxb1 25. Rbxb1 Rae8 26. Rfd1 Nc4 27. Kf1 g6 28. g4 Kg7 29. a4 a5 30. Ra1 g5 31. Ra2 Kf6 32. Be2 Ke6 33. Bxc4 dxc4 34. Rb2 Rb8 35. Rdb1 Reb7 36. Re1+ Kd6 37. Ra2 c5 38. Rd1 b5 39. dxc5+ Kxc5 40. axb5 Rxb5 41. Rd7 Ra8 42. Rxf7 Rb1+ 43. Kg2 a4 44. Rc7+ Kb6 45. Rxc4 a3 46. Re4 Rb2 47. Rxb2+ axb2 48. Rb4+ Kc5 49. Rxb2 Ra3 50. Rb8 Rxc3 51. Rh8 Kd5 52. Rxh6 Ke5 53. h4 Kf4 54. h5 Kxg4 55. Rh8 Rc7 56. h6 Kh5 57. h7 Kh6 1/2-1/2

[Event "Berlin-ch Seniors op 33rd"]
[Site "Berlin"]
[Date "2017.02.03"]
[Round "4"]
[White "Krueger, Ekkehard"]
[Black "Lukas, Wilmar"]
[Result "0-1"]
[WhiteElo "1816"]
[BlackElo "1921"]
[PlyCount "55"]
[EventDate "2017.01.31"]
[EventType "swiss"]
[EventRounds "9"]
[EventCountry "GER"]
[SourceTitle "EXT 2019"]
[Source "ChessBase"]
[SourceDate "2018.10.10"]
[SourceVersion "1"]
[SourceVersionDate "2018.10.10"]
[SourceQuality "1"]

1. c4 Nf6 2. Nc3 d5 3. cxd5 Nxd5 4. d4 g6 5. e4 Nxc3 6. bxc3 Bg7 7. Bc4 0-0 8. Ne2 c6 9. a4 Nd7 10. 0-0 e5 11. Ra2 Nb6 12. Bb3 Be6 13. Bxe6 fxe6 14. Qd3 a5 15. Rd1 Qc7 16. Be3 Rad8 17. Qc2 Nc4 18. Bg5 Rb8 19. Qb3 b5 20. Raa1 Qf7 21. Bh4 g5 22. Bg3 h5 23. h4 gxh4 24. Bxh4 Bf6 25. Bxf6 Qxf6 26. f3 Qg6 27. Kf2 Qxe4 28. Rd3 0-1

[Event "Berlin-ch Seniors op 33rd"]
[Site "Berlin"]
[Date "2017.01.31"]
[Round "1"]
[White "Lukas, Wilmar"]
[Black "Schroeder, Ralf"]
[Result "1/2-1/2"]
[WhiteElo "1921"]
[BlackElo "1652"]
[PlyCount "27"]
[EventDate "2017.01.31"]
[EventType "swiss"]
[EventRounds "9"]
[EventCountry "GER"]
[SourceTitle "EXT 2019"]
[Source "ChessBase"]
[SourceDate "2018.10.10"]
[SourceVersion "1"]
[SourceVersionDate "2018.10.10"]
[SourceQuality "1"]

1. e4 e5 2. Nc3 Nf6 3. f4 d5 4. fxe5 Nxe4 5. Qf3 Nxc3 6. dxc3 Qh4+ 7. g3 Qe4+ 8. Qxe4 dxe4 9. Be3 Be6 10. Bg2 Bd5 11. 0-0-0 c6 12. Ne2 Nd7 13. Nf4 Bxa2 14. e6 1/2-1/2

[Event "GER-chB Seniors 27th"]
[Site "Magdeburg"]
[Date "2015.08.20"]
[Round "6"]
[White "Lukas, Wilmar"]
[Black "Jacob, Barbara"]
[Result "1/2-1/2"]
[WhiteElo "1948"]
[BlackElo "1809"]
[PlyCount "100"]
[EventDate "2015.08.15"]
[EventType "swiss"]
[EventRounds "9"]
[EventCountry "GER"]
[SourceTitle "EXT 2018"]
[Source "ChessBase"]
[SourceDate "2017.10.13"]
[SourceVersion "1"]
[SourceVersionDate "2017.10.13"]
[SourceQuality "1"]

1. e4 d5 2. exd5 Qxd5 3. Nc3 Qd8 4. d4 Nf6 5. Nf3 Bg4 6. Be2 c6 7. 0-0 Nbd7 8. Re1 e6 9. Bf4 Be7 10. Qd2 0-0 11. h3 Bf5 12. Bd3 Bxd3 13. Qxd3 Nd5 14. Nxd5 cxd5 15. Re2 h6 16. a3 Rc8 17. Rc1 Qb6 18. c3 Rc6 19. Rce1 Rfc8 20. Ne5 Nxe5 21. Bxe5 f6 22. Bf4 Kf7 23. Qh7 Qd8 24. Bxh6 Qh8 25. Qxh8 Rxh8 26. Bc1 Bd8 27. f4 f5 28. Be3 Bh4 29. Bf2 Bf6 30. Kh2 g5 31. fxg5 Bxg5 32. Bg3 Bh4 33. Rf1 Bxg3+ 34. Kxg3 Kf6 35. Rf4 Rg8+ 36. Kf3 Kg5 37. g3 Rh8 38. Kf2 Kg6 39. g4 Kg5 40. Kg3 Rxh3+ 41. Kxh3 Kxf4 42. gxf5 Kxf5 43. Kg3 b5 44. Kf3 Rc7 45. Rh2 Rg7 46. Rf2 e5 47. Ke3+ Ke6 48. dxe5 Kxe5 49. Kd2 a5 50. Kc2 Rg4 1/2-1/2

[Event "Berlin-ch Seniors op 31st"]
[Site "Berlin"]
[Date "2015.01.30"]
[Round "2"]
[White "Roloff, Karsten"]
[Black "Lukas, Wilmar"]
[Result "1/2-1/2"]
[WhiteElo "1483"]
[BlackElo "1762"]
[PlyCount "97"]
[EventDate "2015.01.29"]
[EventType "swiss"]
[EventRounds "9"]
[EventCountry "GER"]
[SourceTitle "EXT 2018"]
[Source "ChessBase"]
[SourceDate "2017.10.13"]
[SourceVersion "1"]
[SourceVersionDate "2017.10.13"]
[SourceQuality "1"]

1. d4 Nf6 2. Bg5 Ne4 3. Bf4 d5 4. Nd2 Nd6 5. e3 g6 6. Ngf3 Bg7 7. Be2 Nd7 8. 0-0 Nf6 9. h3 0-0 10. c4 dxc4 11. Nxc4 Be6 12. Rc1 c6 13. Ng5 Bd5 14. Nxd6 exd6 15. Bc4 Bxc4 16. Rxc4 Nd5 17. Qg4 Nxf4 18. exf4 d5 19. Rc2 Qf6 20. Nf3 h5 21. Qd7 Rab8 22. g3 Rfd8 23. Qc7 Bf8 24. Qa5 Bd6 25. Ne5 Bxe5 26. fxe5 Qf5 27. Rc3 Qxh3 28. Qxa7 Qd7 29. Qa4 Qg4 30. f4 h4 31. Qd1 Qxd1 32. Rxd1 hxg3 33. Rxg3 Kf8 34. Rf1 Ke7 35. f5 gxf5 36. Rxf5 Rg8 37. Rfg5 Rxg5 38. Rxg5 Ra8 39. a3 Ra4 40. Rg4 c5 41. b4 cxb4 42. axb4 Rxb4 43. Kf2 Rb3 44. Ke2 b5 45. Rg8 Rb2+ 46. Kd3 Rb3+ 47. Kd2 Rb2+ 48. Kd3 Rb3+ 49. Kd2 1/2-1/2

[Event "Berlin-ch Seniors op 30th"]
[Site "Berlin"]
[Date "2014.02.06"]
[Round "8"]
[White "Dombrowsky, Michael"]
[Black "Lukas, Wilmar"]
[Result "1/2-1/2"]
[WhiteElo "1981"]
[BlackElo "1705"]
[PlyCount "142"]
[EventDate "2014.01.30"]
[EventType "swiss"]
[EventRounds "9"]
[EventCountry "GER"]
[SourceTitle "EXT 2023"]
[Source "ChessBase"]
[SourceDate "2022.10.05"]
[SourceVersion "1"]
[SourceVersionDate "2022.10.05"]
[SourceQuality "1"]

1. e4 e5 2. Nf3 Nc6 3. Nc3 f5 4. d3 Nf6 5. Nd5 Be7 6. c3 0-0 7. Be2 d6 8. 0-0 Nxd5 9. exd5 Nb8 10. Qc2 Qe8 11. Nd2 f4 12. Bf3 Bf5 13. Be4 Bxe4 14. dxe4 Nd7 15. b4 Qh5 16. Qd1 Qxd1 17. Rxd1 g5 18. Nb3 b6 19. Bd2 Nf6 20. f3 g4 21. Kf2 h5 22. c4 Nh7 23. Ke2 Nf6 24. Rdc1 Nd7 25. Be1 Kh7 26. Bf2 Rg8 27. c5 bxc5 28. bxc5 gxf3+ 29. Kxf3 Rg7 30. cxd6 Bxd6 31. Rc2 a5 32. Nc5 Nxc5 33. Bxc5 Bxc5 34. Rxc5 a4 35. Rb1 Ra7 36. Rc6 Re7 37. a3 Kg7 38. Rb4 Kh7 39. Rcc4 Kg7 40. Rxa4 Rb7 41. Rab4 Ra7 42. a4 Re8 43. Ke2 Rea8 44. Kd3 Rf8 45. Rc3 f3 46. gxf3 Rxf3+ 47. Kc4 Rf2 48. h3 h4 49. Kc5 Rf6 50. Ra3 Kf7 51. a5 Rfa6 52. Kb5 Ke7 53. Rbb3 Rg6 54. a6 Rb6+ 55. Kc4 Rbxa6 56. Rxa6 Rxa6 57. Kd3 Ra2 58. Rc3 Kd7 59. Rc6 Ra3+ 60. Ke2 Rxh3 61. Re6 Rb3 62. Rxe5 h3 63. Rh5 Kd6 64. Kf2 Kc5 65. Kg1 c6 66. Kf2 cxd5 67. Rxd5+ Kc6 68. Rd2 Rb7 69. Kg3 Rh7 70. Kh2 Rh4 71. e5 Re4 1/2-1/2

[Event "GER-ch Seniors"]
[Site "Dresden"]
[Date "2012.08.15"]
[Round "7"]
[White "Lukas, Wilmar"]
[Black "Thalheim, Peter"]
[Result "1-0"]
[WhiteElo "1953"]
[BlackElo "1644"]
[PlyCount "75"]
[EventDate "2012.08.09"]
[EventType "swiss"]
[EventRounds "9"]
[EventCountry "GER"]
[SourceTitle "EXT 2014"]
[Source "ChessBase"]
[SourceDate "2013.11.20"]
[SourceVersion "1"]
[SourceVersionDate "2013.11.20"]
[SourceQuality "1"]

1. e4 e6 2. d4 d5 3. Nd2 c5 4. Ngf3 Nc6 5. exd5 exd5 6. dxc5 Bxc5 7. Nb3 Bb6 8. Be2 Nf6 9. 0-0 0-0 10. c3 Re8 11. Nbd4 h6 12. h3 Bd7 13. Be3 Ne5 14. Nxe5 Rxe5 15. Bf3 Bc6 16. Qc1 Bxd4 17. Bxd4 Re6 18. Qf4 Bb5 19. Rfe1 Qd7 20. Rxe6 fxe6 21. Qg3 Qf7 22. Re1 a6 23. b3 Rc8 24. Qd6 Rc6 25. Qb8+ Qf8 26. Qxf8+ Kxf8 27. c4 Bxc4 28. bxc4 Rxc4 29. Bxf6 gxf6 30. Rxe6 d4 31. Rd6 Ra4 32. Bxb7 Rxa2 33. Rxf6+ Ke7 34. Rxa6 Re2 35. Rxh6 d3 36. Bf3 Rc2 37. Rh4 Ke6 38. Rd4 1-0

[Event "GER-ch Seniors"]
[Site "Dresden"]
[Date "2012.08.13"]
[Round "5"]
[White "Lukas, Wilmar"]
[Black "Noelter, Gerd"]
[Result "1/2-1/2"]
[WhiteElo "1953"]
[BlackElo "1926"]
[PlyCount "188"]
[EventDate "2012.08.09"]
[EventType "swiss"]
[EventRounds "9"]
[EventCountry "GER"]
[SourceTitle "EXT 2014"]
[Source "ChessBase"]
[SourceDate "2013.11.20"]
[SourceVersion "1"]
[SourceVersionDate "2013.11.20"]
[SourceQuality "1"]

1. e4 e6 2. d4 d5 3. Nd2 Nf6 4. e5 Nfd7 5. c3 c5 6. Bd3 b6 7. Ne2 Be7 8. 0-0 a5 9. f4 g6 10. Nf3 Ba6 11. a3 Bxd3 12. Qxd3 c4 13. Qd2 a4 14. Qe1 Nc6 15. Be3 Na5 16. Rd1 Nf8 17. Kh1 Qd7 18. Qg3 0-0-0 19. Ng5 Qe8 20. Nf3 h6 21. Qf2 h5 22. h4 Nh7 23. Ng5 Rd7 24. Ng1 Bd8 25. N1f3 Nf8 26. g3 Nc6 27. Nd2 Ne7 28. Qg2 Nf5 29. Bf2 Rc7 30. Ndf3 Nh6 31. Nh2 Qb5 32. Rd2 Qe8 33. Re2 Nd7 34. Be1 Nb8 35. Qf3 Nc6 36. Rg1 Na5 37. Bf2 Nb3 38. Rf1 Be7 39. Kg2 Kb8 40. Kh1 Rc8 41. Rg1 Qg8 42. Rc2 Bd8 43. Qe2 Rc7 44. Rf1 Nf5 45. Rg1 Re7 46. Qf3 Re8 47. Re1 Na5 48. Rce2 Nc6 49. Rg1 Re7 50. Rge1 Qg7 51. Kg1 Rhe8 52. Kh1 Bc7 53. Nf1 Nd8 54. Nh2 Nh6 55. Rg1 f6 56. exf6 Qxf6 57. Rge1 Nhf7 58. Nxf7 Qxf7 59. Qg2 Bd6 60. Nf3 Qf5 61. Ne5 Kc7 62. Kh2 Nf7 63. Nxf7 Qxf7 64. Qf3 Qf5 65. Kg2 Kd7 66. Re3 Rf8 67. Qd1 Ra8 68. Qe2 Rf8 69. Qd1 b5 70. Qf3 Qc2 71. Qe2 Qf5 72. Qf3 Rf6 73. Qe2 Ref7 74. Bg1 Bc7 75. Kh2 Rf8 76. Kg2 Re8 77. Kh2 Rf7 78. Kg2 Rfe7 79. Qf3 Bd6 80. Qe2 Rh8 81. Kh2 Rf8 82. Kg2 Rg8 83. Rf1 Qf7 84. Re1 Qe8 85. Bf2 Rf8 86. Kh2 Rf6 87. Kg2 Qf7 88. Bg1 Rf5 89. Kh1 Qf6 90. Bh2 Qf7 91. Kg2 Rf6 92. Rf1 Qf8 93. Re1 Re8 94. Kh1 Qe7 1/2-1/2

[Event "GER-ch Seniors 23rd"]
[Site "Halle"]
[Date "2011.08.09"]
[Round "5"]
[White "Gerhardt, Peter Michael"]
[Black "Lukas, Wilmar"]
[Result "1-0"]
[WhiteElo "2118"]
[BlackElo "1958"]
[PlyCount "103"]
[EventDate "2011.08.05"]
[EventType "swiss"]
[EventRounds "9"]
[EventCountry "GER"]
[SourceTitle "CBM 144 Extra"]
[Source "ChessBase"]
[SourceDate "2011.10.28"]
[SourceVersion "1"]
[SourceVersionDate "2011.10.28"]
[SourceQuality "1"]

1. Nf3 Nf6 2. g3 g6 3. Bg2 Bg7 4. 0-0 0-0 5. d4 d5 6. Nbd2 c6 7. c4 a5 8. Ne5 Be6 9. e3 Qc8 10. b3 Nbd7 11. f4 Ne8 12. cxd5 cxd5 13. Ba3 Nd6 14. Rc1 Qd8 15. Qe2 f6 16. Nd3 Nb5 17. Bb2 a4 18. Nc5 Nxc5 19. Rxc5 Nc7 20. a3 axb3 21. Nxb3 Na6 22. Rc3 Qd7 23. Rfc1 Rfc8 24. Nc5 Nxc5 25. Rxc5 b6 26. Rxc8+ Rxc8 27. Rxc8+ Qxc8 28. Qb5 Qd8 29. Qc6 Kf7 30. Bc3 f5 31. Bb4 h5 32. h4 Bf6 33. Bf3 Bg7 34. Kf2 Bf6 35. Ke1 Bg7 36. Kd2 Bf6 37. a4 Bg7 38. Qb5 Bf6 39. a5 bxa5 40. Bxa5 Qa8 41. Qc5 Qb7 42. Kc2 Ke8 43. Bb4 Kf7 44. Be2 Qc8 45. Bb5 Qxc5+ 46. dxc5 Bc8 47. Bc3 Bxc3 48. Kxc3 Ke6 49. Be8 Kf6 50. Kd4 e6 51. c6 Ba6 52. Kc5 1-0

[Event "GER-ch Seniors 23rd"]
[Site "Halle"]
[Date "2011.08.07"]
[Round "3"]
[White "Scholz, Jutta"]
[Black "Lukas, Wilmar"]
[Result "0-1"]
[WhiteElo "1515"]
[BlackElo "1958"]
[PlyCount "56"]
[EventDate "2011.08.05"]
[EventType "swiss"]
[EventRounds "9"]
[EventCountry "GER"]
[SourceTitle "CBM 144 Extra"]
[Source "ChessBase"]
[SourceDate "2011.10.28"]
[SourceVersion "1"]
[SourceVersionDate "2011.10.28"]
[SourceQuality "1"]

1. e4 e5 2. Nf3 Nc6 3. Bb5 f5 4. Nc3 d6 5. d3 Nf6 6. Bg5 Be7 7. a3 0-0 8. Bc4+ Kh8 9. 0-0 Qe8 10. Bd2 a6 11. b4 b5 12. Ba2 fxe4 13. dxe4 Bg4 14. h3 Bh5 15. Be3 Rb8 16. Qe2 Bxf3 17. gxf3 Qh5 18. Kh2 Nd4 19. Bxd4 exd4 20. Nb1 Qe5+ 21. Kh1 Nh5 22. Rg1 Rf4 23. Rg4 Rbf8 24. Nd2 d3 25. Qf1 Qc3 26. Qd1 dxc2 27. Qe1 Bf6 28. Rxf4 Nxf4 0-1

[Event "Berlin-ch Seniors op 27th"]
[Site "Berlin"]
[Date "2011.02.04"]
[Round "7"]
[White "Lukas, Wilmar"]
[Black "Weigelt, Reinhard"]
[Result "0-1"]
[WhiteElo "1813"]
[BlackElo "1860"]
[PlyCount "79"]
[EventDate "2011.01.29"]
[EventType "swiss"]
[EventRounds "9"]
[EventCountry "GER"]
[SourceTitle "EXT 2012"]
[Source "ChessBase"]
[SourceDate "2011.11.24"]
[SourceVersion "1"]
[SourceVersionDate "2011.11.24"]
[SourceQuality "1"]

1. e4 c6 2. d4 d5 3. Nc3 e6 4. Bd3 g6 5. Be3 Bg7 6. e5 Ne7 7. Qd2 h5 8. Bg5 Qc7 9. f4 b5 10. a3 Nf5 11. Nf3 0-0 12. 0-0 Nd7 13. Qf2 a6 14. b4 Nb6 15. h3 Nc4 16. Rfe1 a5 17. g4 hxg4 18. hxg4 Ne7 19. Qh4 Ra7 20. Bf6 Rd8 21. Bxg7 Kxg7 22. Qf6+ Kf8 23. Ng5 Ng8 24. Nh7+ Ke8 25. Qg7 Qe7 26. Qxg8+ Kd7 27. Qg7 Kc7 28. Bxg6 Qh4 29. Re2 Qg3+ 30. Rg2 Qxc3 31. Rd1 Ne3 32. Rdd2 Nxg2 33. Rxg2 Qxd4+ 34. Rf2 axb4 35. Qxf7+ Kb8 36. Qf6 bxa3 37. Qxd8 a2 38. Qd6+ Rc7 39. Bd3 a1Q+ 40. Kg2 0-1

[Event "Berlin-ch Seniors op 27th"]
[Site "Berlin"]
[Date "2011.02.01"]
[Round "4"]
[White "Koenig, Dietmar"]
[Black "Lukas, Wilmar"]
[Result "0-1"]
[WhiteElo "1400"]
[BlackElo "1813"]
[PlyCount "54"]
[EventDate "2011.01.29"]
[EventType "swiss"]
[EventRounds "9"]
[EventCountry "GER"]
[SourceTitle "EXT 2012"]
[Source "ChessBase"]
[SourceDate "2011.11.24"]
[SourceVersion "1"]
[SourceVersionDate "2011.11.24"]
[SourceQuality "1"]

1. d4 Nf6 2. c4 g6 3. Nc3 d5 4. cxd5 Nxd5 5. e4 Nxc3 6. bxc3 Bg7 7. Bb2 0-0 8. Bc4 c5 9. d5 Nd7 10. Ne2 Ne5 11. Bb3 b6 12. 0-0 Ba6 13. Bc2 Qd7 14. Rb1 Qb5 15. Re1 Qa5 16. Nf4 Nc4 17. Ba1 Rad8 18. Rb3 Qxa2 19. Qc1 Qa5 20. Bd3 b5 21. Bxc4 bxc4 22. Ra3 Qb6 23. Re2 Bb5 24. Rea2 a6 25. Qb2 Qd6 26. Qc1 Bh6 27. g3 e5 0-1

[Event "Berlin-ch Seniors op 27th"]
[Site "Berlin"]
[Date "2011.01.29"]
[Round "1"]
[White "Lukas, Wilmar"]
[Black "Scholz, Werner"]
[Result "1/2-1/2"]
[WhiteElo "1813"]
[BlackElo "1496"]
[PlyCount "41"]
[EventDate "2011.01.29"]
[EventType "swiss"]
[EventRounds "9"]
[EventCountry "GER"]
[SourceTitle "EXT 2012"]
[Source "ChessBase"]
[SourceDate "2011.11.24"]
[SourceVersion "1"]
[SourceVersionDate "2011.11.24"]
[SourceQuality "1"]

1. e4 c5 2. Nf3 e6 3. d4 cxd4 4. Nxd4 Bc5 5. Nb3 Bb6 6. Be2 Ne7 7. c4 d6 8. Nc3 a6 9. Bf4 e5 10. Bg3 0-0 11. Qd2 Nbc6 12. 0-0 f5 13. Bh4 Qc7 14. exf5 Bxf5 15. Nd5 Nxd5 16. Qxd5+ Kh8 17. Rad1 Nd4 18. Nxd4 Bxd4 19. b3 Rae8 20. Bf3 Rf7 21. Bg3 1/2-1/2

[Event "GER-ch Seniors 22nd"]
[Site "Berlin"]
[Date "2010.08.22"]
[Round "7"]
[White "Schumacher, Helmut"]
[Black "Lukas, Wilmar"]
[Result "1/2-1/2"]
[WhiteElo "1921"]
[BlackElo "1776"]
[PlyCount "47"]
[EventDate "2010.08.16"]
[EventType "swiss"]
[EventRounds "9"]
[EventCountry "GER"]
[SourceTitle "CBM 138 Extra"]
[Source "ChessBase"]
[SourceDate "2010.10.29"]
[SourceVersion "1"]
[SourceVersionDate "2010.10.29"]
[SourceQuality "1"]

1. d4 Nf6 2. Nc3 d5 3. Bg5 Bf5 4. f3 h6 5. Bh4 g5 6. Bf2 Bg6 7. e3 c6 8. Bd3 Bxd3 9. Qxd3 Qa5 10. Nge2 Nbd7 11. 0-0 e6 12. e4 0-0-0 13. a3 Qa6 14. b4 Qxd3 15. cxd3 a6 16. Rfb1 b6 17. a4 Kb7 18. Ra2 Be7 19. Rc2 Rc8 20. Na2 Rhg8 21. e5 Nh7 22. g4 Rge8 23. Rbc1 Nhf8 24. Bg3 1/2-1/2

[Event "GER-ch Seniors 22nd"]
[Site "Berlin"]
[Date "2010.08.16"]
[Round "1"]
[White "Vidic, Dobrivoje"]
[Black "Lukas, Wilmar"]
[Result "1/2-1/2"]
[WhiteElo "1653"]
[BlackElo "1776"]
[PlyCount "80"]
[EventDate "2010.08.16"]
[EventType "swiss"]
[EventRounds "9"]
[EventCountry "GER"]
[SourceTitle "CBM 138 Extra"]
[Source "ChessBase"]
[SourceDate "2010.10.29"]
[SourceVersion "1"]
[SourceVersionDate "2010.10.29"]
[SourceQuality "1"]

1. d4 Nf6 2. c4 g6 3. Nc3 d5 4. cxd5 Nxd5 5. e4 Nxc3 6. bxc3 Bg7 7. Nf3 0-0 8. Bc4 c5 9. 0-0 Nc6 10. Be3 Bg4 11. e5 Na5 12. Be2 cxd4 13. cxd4 Be6 14. Rc1 Bxa2 15. Qd2 Bd5 16. Rc3 Qd7 17. Rb1 Nc6 18. Ng5 e6 19. Nh3 Rfc8 20. Nf4 Ne7 21. Nxd5 Nxd5 22. Rcb3 Rc7 23. Bg5 a6 24. h4 Rac8 25. h5 Nc3 26. Re1 Ne4 27. Qe3 Nxg5 28. Qxg5 Qxd4 29. hxg6 fxg6 30. Bg4 Re8 31. Qh4 Qd2 32. Rbb1 Rf7 33. Rbd1 Qh6 34. Qg3 Qf4 35. Qh3 Qxf2+ 36. Kh1 Rfe7 37. Re2 Qf7 38. Rb1 h5 39. Bf3 Rf8 40. Be4 Bh6 1/2-1/2

[Event "Berlin-ch Seniors op 26th"]
[Site "Berlin"]
[Date "2010.02.12"]
[Round "4"]
[White "Lukas, Wilmar"]
[Black "Hesselbarth, Karlheinz"]
[Result "1/2-1/2"]
[WhiteElo "1825"]
[BlackElo "1643"]
[PlyCount "55"]
[EventDate "2010.02.09"]
[EventType "swiss"]
[EventRounds "9"]
[EventCountry "GER"]
[SourceTitle "EXT 2012"]
[Source "ChessBase"]
[SourceDate "2011.11.24"]
[SourceVersion "1"]
[SourceVersionDate "2011.11.24"]
[SourceQuality "1"]

1. e4 e5 2. Nc3 Nc6 3. f4 d6 4. Nf3 Bg4 5. Be2 Be7 6. d3 Nf6 7. 0-0 0-0 8. Qe1 Bxf3 9. Bxf3 Nd4 10. Bd1 c6 11. Qg3 exf4 12. Bxf4 Ne6 13. Be3 d5 14. exd5 Nxd5 15. Nxd5 Qxd5 16. Bf3 Qd6 17. Qf2 b6 18. d4 Rac8 19. c3 c5 20. dxc5 Nxc5 21. Rad1 Qg6 22. Bd4 Ne6 23. Be3 Nc5 24. Rd5 Rcd8 25. Rfd1 Rxd5 26. Bxd5 Ne6 27. c4 Ng5 28. Kf1 1/2-1/2

[Event "Berlin-ch Seniors op 26th"]
[Site "Berlin"]
[Date "2010.02.10"]
[Round "2"]
[White "Lukas, Wilmar"]
[Black "Hirr, Rudi"]
[Result "1-0"]
[WhiteElo "1825"]
[BlackElo "1530"]
[PlyCount "51"]
[EventDate "2010.02.09"]
[EventType "swiss"]
[EventRounds "9"]
[EventCountry "GER"]
[SourceTitle "EXT 2012"]
[Source "ChessBase"]
[SourceDate "2011.11.24"]
[SourceVersion "1"]
[SourceVersionDate "2011.11.24"]
[SourceQuality "1"]

1. e4 e6 2. d4 d5 3. Nd2 c5 4. dxc5 Bxc5 5. Nb3 Bb6 6. exd5 exd5 7. Bb5+ Nc6 8. Qe2+ Qe7 9. Bg5 Qxe2+ 10. Nxe2 f6 11. Bf4 a6 12. Ba4 Be6 13. Ned4 Bd7 14. 0-0-0 0-0-0 15. Rhe1 Bc7 16. Bxc7 Kxc7 17. Bxc6 Bxc6 18. Ne6+ Kd7 19. Nbc5+ Kc8 20. Nxd8 Kxd8 21. Ne6+ Kd7 22. Nxg7 Nh6 23. Nh5 Rf8 24. f3 b5 25. Nf4 Kd6 26. Re6+ 1-0

[Event "Berlin-ch Seniors op 25th"]
[Site "Berlin"]
[Date "2009.02.15"]
[Round "4"]
[White "Hoffmann, Peter2222"]
[Black "Lukas, Wilmar"]
[Result "1-0"]
[WhiteElo "2048"]
[BlackElo "1802"]
[PlyCount "83"]
[EventDate "2009.02.12"]
[EventType "swiss"]
[EventRounds "9"]
[EventCountry "GER"]
[SourceTitle "EXT 2022"]
[Source "ChessBase"]
[SourceDate "2021.10.06"]
[SourceVersion "1"]
[SourceVersionDate "2021.10.06"]
[SourceQuality "1"]

1. d4 Nf6 2. c4 g6 3. Nc3 d5 4. Bf4 Bg7 5. Rc1 c6 6. e3 Be6 7. c5 Qa5 8. Qa4 Qxa4 9. Nxa4 0-0 10. b4 b5 11. Nc3 a5 12. a3 axb4 13. axb4 Rc8 14. Bd3 Nh5 15. Nge2 f5 16. f3 Nxf4 17. Nxf4 Bf7 18. Kf2 Nd7 19. Ra1 e5 20. Nfe2 e4 21. Bxb5 cxb5 22. Nxb5 Bf8 23. Nec3 Nf6 24. Na4 Be8 25. Nb6 Rxa1 26. Rxa1 Rb8 27. Nc7 Bc6 28. Ra7 Bb7 29. b5 g5 30. Na6 Bxa6 31. bxa6 f4 32. Rb7 fxe3+ 33. Kxe3 Re8 34. a7 exf3+ 35. Kxf3 g4+ 36. Kg3 Ne4+ 37. Kh4 Bg7 38. Rb8 Bf6+ 39. Kxg4 Bd8 40. a8Q Nf2+ 41. Kf3 Rf8+ 42. Ke2 1-0

[Event "Berlin-ch Seniors op 25th"]
[Site "Berlin"]
[Date "2009.02.12"]
[Round "1"]
[White "Lukas, Wilmar"]
[Black "Kammler, Hans Joachim"]
[Result "1-0"]
[WhiteElo "1802"]
[BlackElo "1279"]
[PlyCount "45"]
[EventDate "2009.02.12"]
[EventType "swiss"]
[EventRounds "9"]
[EventCountry "GER"]
[SourceTitle "EXT 2022"]
[Source "ChessBase"]
[SourceDate "2021.10.06"]
[SourceVersion "1"]
[SourceVersionDate "2021.10.06"]
[SourceQuality "1"]

1. e4 e6 2. d4 d5 3. Nd2 Ne7 4. e5 Nf5 5. c3 c5 6. Ndf3 Qb6 7. Bd3 Nc6 8. Ne2 Be7 9. a3 0-0 10. 0-0 g6 11. dxc5 Bxc5 12. b4 Be7 13. g4 Nh4 14. Nxh4 Bxh4 15. Be3 Qd8 16. f4 f6 17. b5 Na5 18. Qc2 f5 19. g5 b6 20. Nd4 Bd7 21. Qg2 Rc8 22. Bd2 h6 23. Kh1 1-0

[Event "Berlin-ch Seniors op 24th"]
[Site "Berlin"]
[Date "2008.02.26"]
[Round "6"]
[White "Welz, Peter"]
[Black "Lukas, Wilmar"]
[Result "0-1"]
[WhiteElo "2072"]
[BlackElo "1822"]
[PlyCount "94"]
[EventDate "2008.02.21"]
[EventType "swiss"]
[EventRounds "9"]
[EventCountry "GER"]
[SourceTitle "EXT 2022"]
[Source "ChessBase"]
[SourceDate "2021.10.06"]
[SourceVersion "1"]
[SourceVersionDate "2021.10.06"]
[SourceQuality "1"]

1. e4 e5 2. Nf3 Nc6 3. d4 exd4 4. Nxd4 Bc5 5. Nb3 Bb6 6. a4 a6 7. Nc3 Nf6 8. Bg5 d6 9. Bd3 Be6 10. Nd5 Ba7 11. 0-0 Bxd5 12. exd5 Ne5 13. Bf5 0-0 14. Rc1 h6 15. Bh4 g6 16. Bd3 g5 17. Bg3 Qd7 18. c4 Nxd3 19. Qxd3 Nh5 20. Kh1 f5 21. h3 Qg7 22. c5 f4 23. Bh2 Qf7 24. Nd4 Ng7 25. Nb3 Rab8 26. Rc3 b5 27. cxd6 cxd6 28. Rfc1 Bxf2 29. Rc7 Qf5 30. Qc3 Qe5 31. Qc6 bxa4 32. Qxa4 Qxd5 33. Qd7 Bd4 34. Nxd4 Qxd4 35. Bg1 Qf6 36. Rd1 Rbd8 37. Qc6 Nf5 38. Qxa6 Qxb2 39. Qd3 Qe5 40. Rb1 Rf7 41. Rb5 d5 42. Rc6 Kg7 43. Rbb6 Qe4 44. Qa6 Nh4 45. Qf1 f3 46. Bd4+ Kg8 47. Rg6+ Nxg6 0-1

[Event "Berlin-ch Seniors op 23rd"]
[Site "Berlin"]
[Date "2007.02.13"]
[Round "9"]
[White "Zschaebitz, Klaus"]
[Black "Lukas, Wilmar"]
[Result "0-1"]
[WhiteElo "1990"]
[BlackElo "1763"]
[PlyCount "100"]
[EventDate "2007.02.05"]
[EventType "swiss"]
[EventRounds "9"]
[EventCountry "GER"]
[SourceTitle "EXT 2022"]
[Source "ChessBase"]
[SourceDate "2021.10.06"]
[SourceVersion "1"]
[SourceVersionDate "2021.10.06"]
[SourceQuality "1"]

1. d4 Nf6 2. Nf3 g6 3. Bf4 Bg7 4. e3 0-0 5. Be2 d5 6. 0-0 Nbd7 7. c4 dxc4 8. Bxc4 Nh5 9. Bg5 c5 10. Nc3 cxd4 11. Nxd4 Nhf6 12. Rc1 Qa5 13. Bh4 a6 14. Nb3 Qd8 15. Qe2 Ne5 16. Rfd1 Qe8 17. Bxf6 exf6 18. Bd5 Rb8 19. h3 Qe7 20. Nd4 Be6 21. f4 Nd7 22. Qf3 f5 23. Bxb7 Nc5 24. Bd5 Rxb2 25. Rb1 Rxb1 26. Rxb1 Qc7 27. Nce2 Rb8 28. Rxb8+ Qxb8 29. Bxe6 Nxe6 30. Nxe6 fxe6 31. Kf2 Qc8 32. g3 h5 33. h4 Bf6 34. Qh1 Kg7 35. Qc1 Qxc1 36. Nxc1 e5 37. Nb3 exf4 38. exf4 Bc3 39. Ke2 Kf7 40. Nc5 a5 41. Nd3 Ke6 42. Kd1 Kd5 43. a4 Kc4 44. Kc2 Bd4 45. Kd2 Kd5 46. Ke2 Ke4 47. Nc1 Kd5 48. Nd3 Kc4 49. Ne5+ Bxe5 50. fxe5 Kd5 0-1